000 00339nam a22001217a 4500
008 181126b xxu||||| |||| 00| 0 eng d
041 _aeng
080 _a043.3
100 _a0
101 _aBTH-SHKI
245 _aStream Processing in Big Data Environment Data Integrity and Error Tolerance: Hadoop vs Kafka
_cSmakiqi, V
942 _2udc
_cBK
999 _c52524
_d52524